000 00356nam a2200133Ia 4500
008 230917s9999||||xx |||||||||||||| ||und||
040 _e183914
_aMAIN
041 _aEnglish
082 _a34:331 R144L
100 _aRamesh Kumar
245 0 _aLaw relating to lazy-off & retrenchment under the Industrial desputes Act 1947
300 _a173 p.
942 _cTH
999 _c86855
_d86855